000
00240nam a22001097a 4500
082
_a
629.41 GAT'S
100
_a
GATLAND, K. W
_9
80034
245
_a
SPACECRAFT AND BOOSTERS
260
_a
LONDON
_b
ILIFFE
_c
1964
300
_a
296P
942
_c
BK
999
_c
585011
_d
585011